| 000 | 00966nam a2200205 i 4500 | ||
|---|---|---|---|
| 001 | 156460 | ||
| 003 | ES-MaACL | ||
| 005 | 20250930063134.0 | ||
| 008 | 931025s1848 sp |||| | spa d | ||
| 080 | _a397.7 | ||
| 100 | 1 |
_aJove y Hevia, Plácido de, _cVizconde de Campo Grande _967050 |
|
| 245 | 1 | 0 |
_aEstudios sobre el duelo : _bcon aplicación a las disposiciones que acerca de el contiene el proyecto de Código penal leído por el Congreso [sic] en el Senado en la sesión del día 3 de febrero de 1848 / _cpor Plácido Jove y Hevia. |
| 260 |
_aMadrid : _b[s.n.], _c1848 ( _fImp. de D.L. Cordon) |
||
| 300 |
_a33 p. ; _c20 cm. |
||
| 530 | _aDisponible en formato digital. | ||
| 650 | 4 |
_aDuelos. _911988 |
|
| 852 | 4 |
_aES-MaACL _jT-29-F-7 _z- Enc. hol. _z- Enc. en un vol. facticio |
|
| 856 | 4 |
_uhttp://bibliotecavirtual.asturias.es/i18n/consulta/registro.cmd?id=1497 _zBiblioteca Virtual del Principado de Asturias |
|
| 999 |
_c156460 _d156460 |
||